书目信息 |
| 题名: |
儿子们与情人们
|
|
| 作者: | 劳伦斯 著 | |
| 分册: | ||
| 出版信息: | 沈阳 辽宁人民出版社 2013.08 |
|
| 页数: | 527页 | |
| 开本: | 18cm | |
| 丛书名: | ||
| 单 册: | ||
| 中图分类: | I561.44 , H319.4:I | |
| 科图分类: | ||
| 主题词: | 长篇小说--英国--近代 , 长篇小说 , 英语 | |
| 电子资源: | ||
| ISBN: | 978-7-205-07687-0 | |
| 000 | 00874nam0 2200289 450 | |
| 001 | 006962375 | |
| 005 | 20171030170734.67 | |
| 010 | @a978-7-205-07687-0@dCNY26.00 | |
| 100 | @a20131219d2013 em y0chiy50 ea | |
| 101 | 0 | @aeng@dchi@gchi |
| 102 | @aCN@b210000 | |
| 105 | @ay z 000ay | |
| 106 | @ar | |
| 200 | 1 | @a儿子们与情人们@9er zi men yu qing ren men@dSons and lovers@f(英)D.H. 劳伦斯(D.H. Lawrence)著@zeng |
| 210 | @a沈阳@c辽宁人民出版社@d2013.08 | |
| 215 | @a527页@d18cm | |
| 304 | @a本书200字段信息取自封面 | |
| 333 | @a英语学习者 | |
| 510 | 1 | @aSons and lovers@zeng |
| 606 | 0 | @a长篇小说@y英国@z近代 |
| 606 | 0 | @a长篇小说 |
| 606 | 0 | @a英语 |
| 690 | @aI561.44@v5 | |
| 690 | @aH319.4:I@v4 | |
| 701 | 0 | @c(英)@a劳伦斯@9lao lun si@c(Lawrence, David Herbert@f1885~1930)@4著 |
| 801 | 0 | @aCN@bNLC@c20140207 |
| 905 | @b1079595-600@dH319.4:I@e1906@f6 | |
| 儿子们与情人们=Sons and lovers/(英)D.H. 劳伦斯(D.H. Lawrence)著.-沈阳:辽宁人民出版社,2013.08 |
| 527页;18cm |
| 使用对象:英语学习者 |
| ISBN 978-7-205-07687-0:CNY26.00 |
| ● |
| 相关链接 |
|
|
|
|
正题名:儿子们与情人们
索取号:H319.4:I/1906
 
预约/预借
| 序号 | 登录号 | 条形码 | 馆藏地/架位号 | 状态 | 备注 |
| 1 | 1079595 | 210795950 | 第二样本阅览室/ [索取号:H319.4:I/1906] | 在馆 | |
| 2 | 1079596 | 210795969 | 第四借阅区/ [索取号:H319.4:I/1906] | 在馆 | |
| 3 | 1079597 | 210795978 | 第四借阅区/ [索取号:H319.4:I/1906] | 在馆 | |
| 4 | 1079598 | 210795987 | 第四借阅区/ [索取号:H319.4:I/1906] | 在馆 | |
| 5 | 1079599 | 210795996 | 密集书库—外国语学院/ [索取号:H319.4:I/1906] | 在馆 | |
| 6 | 1079600 | 210796003 | 第四借阅区/ [索取号:H319.4:I/1906] | 在馆 |